Pemusnah pantai Aparteid

Bibliographic Details
Other Authors: Nurul Syifa
Format: Book
Published: Selangor : Mostgain Resources Publications , 2007
Series:Tokoh pencetus bangsa
Subjects:

MARC

LEADER 00000cam a2200000 7i4500
001 0000023259
005 20160330.0
008 080826
020 |a 9833249855 
090 0 0 |a 303.34   |b PEM 
245 1 0 |a Pemusnah pantai Aparteid   |c disusun oleh: Nurul Syifa 
260 |a Selangor :   |b Mostgain Resources Publications ,   |c 2007 
440 |a Tokoh pencetus bangsa 
500 |a Teenager ages 13-18 years old (blue) 
650 0 |a Leadership   |x Miscellanea 
700 0 |a Nurul Syifa 
999 |a 0001027433   |b Book   |c Teenagers   |e Perbadanan Perpustakaan Awam Johor 
999 |a 0001027435   |b Book   |c Teenagers   |e Perbadanan Perpustakaan Awam Johor 
999 |a 0001073512   |b Book   |c Teenagers   |e Cawangan Tangkak 
999 |a 0001073524   |b Book   |c Children Collection   |e Cawangan Mersing